Лечение рака, других злокачественных новообразований и многих хронических заболеваний новым растительным препаратом "Цикутин" (Запись № 1088124)

Подробности
000 -МАРКЕР
контрольное поле 01481nam0a2200337 4500
001 - ИДЕНТИФИКАТОР ЗАПИСИ
контрольное поле RU\NLR\bibl\494112
005 - ИДЕНТИФИКАТОР ВЕРСИИ
контрольное поле 20260408194529.0
010 ## - МЕЖДУНАРОДНЫЙ СТАНДАРТНЫЙ НОМЕР КНИГИ (ISBN)
Номер (ISBN) 5-94725-027-6
Тираж 100
021 ## - НОМЕР ГОСУДАРСТВЕННОЙ РЕГИСТРАЦИИ
Код страны российская федерация
Номер 2004-49699
Номер Листа государственной регистраци 2445
035 ## - ДРУГИЕ СИСТЕМНЫЕ НОМЕРА
Идентификатор записи (NLR Aleph) 000486759
100 ## - ДАННЫЕ ОБЩЕЙ ОБРАБОТКИ
Данные общей обработки 20040225d2003 u y0rusy50 ca
101 0# - ЯЗЫК РЕСУРСА
Язык текста, звукозаписи и т.д. русский
102 ## - СТРАНА ПУБЛИКАЦИИ ИЛИ ПРОИЗВОДСТВА
Страна публикации российская федерация
105 ## - ПОЛЕ КОДИРОВАННЫХ ДАННЫХ: ТЕКСТОВЫЕ МАТЕРИАЛЫ, МОНОГРАФИЧЕСКИЕ
Кодированные данные о монографическом текстовом документе a |||||||||
200 1# - ЗАГЛАВИЕ И СВЕДЕНИЯ ОБ ОТВЕТСТВЕННОСТИ
Основное заглавие Лечение рака, других злокачественных новообразований и многих хронических заболеваний новым растительным препаратом "Цикутин"
Первые сведения об ответственности В.В. Яковлев
210 ## - ПУБЛИКАЦИЯ, РАСПРОСТРАНЕНИЕ И ДР.
Место издания, распространения и т.д. Тюмень
Имя издателя, распространителя и т. д. Академия
Дата издания, распространения и т.д. 2003
215 ## - ФИЗИЧЕСКАЯ ХАРАКТЕРИСТИКА
Специфическое обозначение материала и объем 74 с.
Другие сведения о физической характеристике ил.
Размеры 19
320 ## - ПРИМЕЧАНИЯ О НАЛИЧИИ В ДОКУМЕНТЕ БИБЛИОГРАФИИ / УКАЗАТЕЛЯ
Текст примечания Библиогр.: с. 73-74 26 назв.)
606 0# - НАИМЕНОВАНИЕ ТЕМЫ КАК ПРЕДМЕТ
Наименование темы Кониин
Тематический подзаголовок Лечебное применение
Системный номер авторитетной/нормативной записи 2320209
Идентификатор авторитетной/нормативной записи RU\NLR\auth\661388106
606 0# - НАИМЕНОВАНИЕ ТЕМЫ КАК ПРЕДМЕТ
Наименование темы Злокачественные опухоли
Тематический подзаголовок Терапия кониином
Системный номер авторитетной/нормативной записи 2320211
Идентификатор авторитетной/нормативной записи RU\NLR\auth\661388107
606 ## - НАИМЕНОВАНИЕ ТЕМЫ КАК ПРЕДМЕТ
Наименование темы Рак (онкол.)
Тематический подзаголовок Терапия кониином
Идентификатор авторитетной/нормативной записи RU\NLR\auth\661366344
Системный номер авторитетной/нормативной записи 2280502
686 ## - ИНДЕКСЫ ДРУГИХ КЛАССИФИКАЦИЙ
Индекс Р281.711.11-6
686 ## - ИНДЕКСЫ ДРУГИХ КЛАССИФИКАЦИЙ
Индекс Р562.1-52
686 ## - ИНДЕКСЫ ДРУГИХ КЛАССИФИКАЦИЙ
Индекс Р562.4-52
700 #1 - ИМЯ ЛИЦА - ПЕРВИЧНАЯ ОТВЕТСТВЕННОСТЬ
Код отношения Автор
Материалы, к которым относится поле rus
Графика поля Кириллица
Начальный элемент ввода Яковлев
Часть имени, кроме начального элемента ввода В. В.
Дополнения к именам, кроме дат врач-онколог
Расширение инициалов личного имени Вениамин Всеволодович
Идентификатор авторитетной/нормативной записи RU\NLR\auth\7751263
Системный номер авторитетной/нормативной записи 34197
801 #0 - ИСТОЧНИК ЗАПИСИ
Страна российская федерация
Организация NLR
Дата составления 20040225
Правила каталогизации PSBO
801 #1 - ИСТОЧНИК ЗАПИСИ
Страна российская федерация
Организация NLR
Дата составления 20040225
942 ## - ДОПОЛНИТЕЛЬНЫЕ ЭЛЕМЕНТЫ ЗАПИСИ (АБИС)
Тип экземпляра АБИС Книга
980 ## - КОЛЛЕКЦИЯ
Название коллекции Национальная библиография
Экземпляры
Тип экземпляра Дата поступления Источник поступления Библиотека постоянного хранения Библиотека текущего хранения Место хранения Шифр хранения Штрих-код Статус не для выдачи
Книга 25.02.2004 Дар РНБ (Московский) РНБ (Московский) Русский книжный фонд: издания с 1957 года, 3этаж 2004-4/4074 641734  
Книга 27.02.2004 Дар РНБ (Московский) РНБ (Московский) Обменный фонд, резервный   642995  
Книга 01.06.2005 Обязательный экземпляр РНБ (Московский) РНБ (Московский) Русский книжный фонд: издания с 1957 года, 3этаж 2004-4/4074 930544  
Книга 01.06.2005 Обязательный экземпляр РНБ (Московский) РНБ (Московский) Обменный фонд   930546